000 00535nam a2200181Ia 4500
005 20250508151716.0
008 008 250505s9999 xx 000 0 eng d
037 _aTextual
040 _aFEDL
_beng
_cFEDL
041 _aeng
_2eng
084 _a352, ROB
_qFEDL
100 _aRobson William A. Ed.
245 0 _aGreat cities of the World : Their government, politics and planning
260 _aLondon, UK
_bGeorge Allen and Unwin Ltd
_c1954
300 _a693p
942 _cTEXL
_h352, ROB
999 _c1331598
_d1331598